| 000 | 01078nam a22003017a 4500 | ||
|---|---|---|---|
| 005 | 20240530110411.0 | ||
| 008 | 150216s2012 ua obf a b 000 0 ara d | ||
| 017 |
_a14200/2011 _bمصر . دار الكتب المصرية |
||
| 020 | _a9771444107 | ||
| 040 | _aEG-CaGPL | ||
| 041 | 0 | _aara | |
| 082 | 0 | 4 |
_221 _a962.1 _bط/ج |
| 100 | 0 | _aجيهان ممدوح مأمون | |
| 245 | 1 | 2 |
_aالفيوم / _cتاليف جيهان ممدوح مأمون ؛ تقديم احمد عبدالرازق احمد |
| 250 | _aط1 | ||
| 260 |
_aالقاهرة : _bنهضة مصر للنشر ، _c2012 |
||
| 300 |
_a72 ص : _bايض ؛ _c32 سم |
||
| 490 | 0 | _aسلسلة مدن مصرية | |
| 650 | 0 | 4 | _aالمدن المصرية |
| 651 | 0 | 4 |
_aالفيوم _xتاريخ |
| 651 | 0 | 4 |
_aالفيوم _xمساجد |
| 651 | 0 | 4 |
_aالفيوم _xشوارع |
| 651 | 0 | 4 |
_aالفيوم _xاثار |
| 651 | 0 | 4 |
_aالفيوم _xالمحميات الطبيعية |
| 700 | 0 |
_aاحمد عبدالرازق احمد _eمقدم |
|
| 942 |
_2ddc _cBK |
||
| 999 |
_c60463 _d60463 |
||